MEASLE AND THE WRATH MONK (Record no. 6421)
[ view plain ]
| 000 -LEADER | |
|---|---|
| fixed length control field | 00624nam a22001457a 4500 |
| 020 ## - INTERNATIONAL STANDARD BOOK NUMBER | |
| ISBN | 978-0-19-275516-2 |
| 082 ## - DEWEY DECIMAL CLASSIFICATION NUMBER | |
| Classification number | 823 |
| Item number | OGI/K |
| 100 ## - MAIN ENTRY--AUTHOR NAME | |
| Personal name | OGILVY, IAN |
| 245 ## - TITLE STATEMENT | |
| Title | MEASLE AND THE WRATH MONK |
| 260 ## - PUBLICATION, DISTRIBUTION, ETC. (IMPRINT) | |
| Place of publication | LONDON |
| Name of publisher | OXFORD UNIVERISITY PRESS |
| Year of publication | 2004 |
| 300 ## - PHYSICAL DESCRIPTION | |
| Number of Pages | 200 |
| 520 ## - SUMMARY, ETC. | |
| Summary, etc | Measle Stubbs lives in a dreary, horrible house, with Basil Tramplebone, his dreary, horrible guardian. His life is miserable, and suddenly gets worse when Measle finds himself on the wrong end of one of Basil's evil spells. Now he's only half an inch tall and trapped in the world of a toy train set. |
| 650 ## - SUBJECT ADDED ENTRY--TOPICAL TERM | |
| Topical Term | SHORT STORY |
| 942 ## - ADDED ENTRY ELEMENTS (KOHA) | |
| Koha item type | Books |
| Withdrawn status | Lost status | Collection code | Home library | Current library | Shelving location | Date acquired | Source of acquisition | Full call number | Accession Number | Koha item type |
|---|---|---|---|---|---|---|---|---|---|---|
| Fiction | Main Library | Main Library | SHELF 15-K-CHILDREN'S STORYBOOKS | 14/03/2014 | Purchase | 823 OGI/K | 07942 | Books |